01383nam a2200325Ia 4500001001200000003000800012006001900020007001500039008004100054020002200095020002200117020002500139020002500164020002600189040002100215035002100236050002500257100002000282245010500302260013800407300002300545504005100568533015200619650002600771651004200797651004600839655002900885710001700914856012600931ebr10603339CaPaEBRm u cr cn|||||||||120818s2012 enka sb 001 0 eng d z0745331998 (pbk.) z0745332005 (hbk.) z9780745331997 (pbk.) z9780745332000 (hbk.) z9781849647403 (ebook) aCaPaEBRcCaPaEBR a(OCoLC)81217450814aDS644.5b.V58 2012eb1 aVltchek, Andre.10aIndonesiah[electronic resource] :barchipelago of fear /cAndre Vltchek ; foreword by Noam Chomsky. aLondon :bPluto Press ;aNew York :bDistributed in the United States by Palgrave Macmillan, a Division of St. Martin's Press,c2012. axx, 263 p. :bill. aIncludes bibliographical references and index. aElectronic reproduction.bPalo Alto, Calif. :cebrary,d2011.nAvailable via World Wide Web.nAccess may be limited to ebrary affiliated libraries. 0aEconomicszIndonesia. 0aIndonesiaxEconomic conditionsy1997- 0aIndonesiaxPolitics and governmenty1998- 7aElectronic books.2local2 aebrary, Inc.40uhttp://site.ebrary.com/lib/rucke/Doc?id=10603339zAn electronic book accessible through the World Wide Web; click to view